| 000 | 00487cas a22001935a 4500 | ||
|---|---|---|---|
| 001 | L112031 | ||
| 008 | 070821c2001 xxkfr p 0 a0eng u | ||
| 035 | _a(Sirsi) u112031 | ||
| 041 | 0 | _aeng | |
| 110 | 2 |
_aRoyal Institution of Chartered Surveyors _94900 |
|
| 245 | 0 | 0 | _aEuropean Economic Brief |
| 260 |
_aLondon _bRICS _c2001- |
||
| 362 | 0 | _aWinter/Spring 2001 | |
| 554 | _aTwo per year | ||
| 650 | _aRICS MARKET SURVEYS | ||
| 651 | 4 | _aEurope | |
| 690 | _aPROPERTY | ||
| 942 | _n0 | ||
| 999 |
_c118736 _d118736 |
||